[Event "American Continental"]
[Site "Buenos Aires ARG"]
[Date "2005.08.15"]
[Round "10"]
[White "Arambel,S"]
[Black "Saladen,R"]
[Result "1-0"]
[WhiteElo "2295"]
[BlackElo "2229"]

1.Nf3 d5 2.c4 dxc4 3.Qa4+ Qd7 4.Qxc4 Qc6 5.Na3 Be6 6.Qf4 Na6 7.d4 Nf6 8.g3 Nb4
9.Bg2 Bd5 10.O-O e6 11.Ne5 Qa6 12.e4 Bc6 13.Rd1 Bd6 14.Bf1 b5 15.Qg5 O-O
16.Nxc6 Qxc6 17.e5 h6 18.Qd2 Ne4 19.Qe2 Be7 20.Bg2 Nd5 21.Bxe4 Bxa3 22.Bxd5 Qxd5
23.bxa3 Rfd8 24.Be3 a6 25.Rac1 Rd7 26.Rc5 Qe4 27.Qf1 Rad8 28.Qg2 Qg4 29.Rdc1 Qe2
30.R5c2 Qd3 31.Rc3 Qg6 32.Qf3 h5 33.h4 Rf8 34.Rxc7 Rxc7 35.Rxc7 Qb1+ 36.Kg2 Qxa2
37.Bg5 a5 38.Be7 Re8 39.Bc5 Qd5 40.Qxd5 exd5 41.Rb7 b4 42.axb4 axb4 43.Bxb4 f6
44.Bd6 fxe5 45.Bxe5  1-0

[Event "14th Open"]
[Site "Kavala GRE"]
[Date "2005.08.15"]
[Round "5"]
[White "Mastrovasilis,A"]
[Black "Kiss,Pa"]
[Result "1/2-1/2"]
[WhiteElo "2495"]
[BlackElo "2386"]

1.Nf3 d5 2.c4 c6 3.e3 Nf6 4.Nc3 a6 5.b3 Bg4 6.Bb2 e6 7.Be2 Nbd7 8.O-O Bd6
9.h3 Bh5 10.Rc1 O-O 11.d4 Qe7 12.c5 Bc7 13.Ne5 Bxe2 14.Nxe2 Nxe5 15.dxe5 Nd7
16.f4 f6 17.exf6 Nxf6 18.Nd4 Rae8 19.Nf3 Nd7 20.Qd4 e5 21.fxe5 Nxe5 22.Nxe5 Bxe5
23.Qxe5 Qxe5 24.Bxe5 Rxe5 25.Rxf8+  1/2-1/2

[Event "ch-SCG jr"]
[Site "Vrnjacka Banja SCG"]
[Date "2005.08.15"]
[Round "5"]
[White "Krstic,P"]
[Black "Nadj Hedjesi,B"]
[Result "1/2-1/2"]
[WhiteElo "2182"]
[BlackElo "2357"]

1.Nf3 d5 2.c4 d4 3.e3 Nc6 4.exd4 Nxd4 5.Nxd4 Qxd4 6.Nc3 c6 7.d3 Nh6 8.Be3 Qd8
9.Be2 Nf5 10.O-O e5 11.Ne4 Be7 12.Bg4 O-O 13.Bxf5 Bxf5 14.Qc2 Bg6 15.f4 Bxe4
16.dxe4 exf4 17.Bxf4 Bf6 18.Kh1 Re8 19.Rad1 Qb6 20.b3 Rad8 21.Bg3 a6 22.Qe2 Be5
23.Bxe5 Rxd1 24.Qxd1 Rxe5 25.Qd7 f6 26.Qc8+ Kf7 27.Qd7+ Re7 28.Qf5 Kg8 29.Qc8+ Kf7
30.Qf5 Qd4 31.Qxh7 Qxe4 32.Qxe4 Rxe4 33.Kg1 Ke6 34.g3 Rd4 35.Re1+ Kd6 36.Re2 a5
37.Kf2 a4 38.Ke3 Ke5 39.Kf3+ Kd6 40.Ke3 Ke5 41.Kf3+ Kf5 42.Re7 axb3 43.axb3 Rd3+
44.Ke2 Rxb3 45.Rxg7 Rb2+ 46.Kd3 Rxh2 47.Rxb7 Rg2 48.Rc7 Ke5 49.Rxc6 Rxg3+
50.Ke2 f5 51.Rc8 Ke4 52.c5 Rg2+ 53.Kf1 Rc2 54.c6 f4 55.c7 Kf3 56.Ke1 Re2+
57.Kf1 Re7 58.Rh8 Rxc7 59.Rh3+ Kg4 60.Ra3 Rh7 61.Rb3 Rh1+ 62.Kg2 Re1 63.Kf2 Rc1
64.Kg2 Rc4 65.Ra3 Rd4 66.Rb3 Re4 67.Kf2  1/2-1/2

[Event "ch-AUT Qualifier"]
[Site "Gmunden AUT"]
[Date "2005.08.17"]
[Round "5"]
[White "Titz,Hei"]
[Black "Posch,W"]
[Result "1-0"]
[WhiteElo "2184"]
[BlackElo "2233"]

1.Nf3 d5 2.c4 c6 3.e3 Nf6 4.Nc3 g6 5.d4 Bg7 6.Bd3 O-O 7.O-O Bg4 8.h3 Bxf3
9.Qxf3 e6 10.b3 Nbd7 11.Bb2 Re8 12.Rfd1 Qa5 13.Qe2 Rad8 14.a3 e5 15.b4 Qc7
16.dxe5 Nxe5 17.cxd5 Nxd5 18.Nxd5 Rxd5 19.Be4 Rdd8 20.Rac1 a6 21.Bb1 Qc8
22.Bd4 Qc7 23.Qb2 f6 24.Rd2 Kh8 25.Ba2 Qe7 26.Rcd1 Nf7 27.Bc5 Rxd2 28.Qxd2 Qc7
29.Qd7 Qxd7 30.Rxd7 Ne5 31.Rxb7 Nd3 32.Bd4  1-0

[Event "14th Open"]
[Site "Kavala GRE"]
[Date "2005.08.18"]
[Round "8"]
[White "Kallio,H"]
[Black "Drenchev,P"]
[Result "0-1"]
[WhiteElo "2507"]
[BlackElo "2412"]

1.Nf3 d5 2.c4 e6 3.g3 Nf6 4.Bg2 d4 5.O-O c5 6.d3 Nc6 7.Na3 Be7 8.Nc2 O-O
9.e3 a5 10.exd4 cxd4 11.Re1 Ne8 12.Bd2 f6 13.a3 a4 14.Nb4 Nc7 15.Bh3 Rf7
16.Nh4 g5 17.Nf3 e5 18.Bg2 Na5 19.h4 h6 20.hxg5 hxg5 21.Qxa4 Nxc4 22.Qc2 Na5
23.Rac1 Bd6 24.Bxg5 fxg5 25.Nxe5 Rf5 26.Nf3 Bxb4 27.axb4 Nc6 28.Qd2 Qf6 29.Rc5 Ne6
30.Rxf5 Qxf5 31.Qe2 Bd7 32.b5 Qxb5 33.Nd2 Kg7 34.Ne4 Qb4 35.Bh3 Re8 36.Kg2 Ncd8
37.Rh1 Rh8 38.Nxg5 Bc6+ 39.Kg1 Nxg5 40.Qe5+ Kf7 41.Qf4+ Ke8 42.Qe5+ Nde6
43.Qxh8+ Ke7 44.Kh2 Bxh1 45.Bxe6 Nxe6 46.Kxh1 Qxb2 47.Kg2 Qe2 48.Qh7+ Kd6
49.Qxb7 Qxd3 50.Qb4+ Kc6 51.Qa4+ Qb5 52.Qc2+ Kd6 53.f4 d3 54.Qd2 Qc4 55.Kf1 Qe4
56.Kf2 Nc5 57.Qe3 Qxe3+ 58.Kxe3 Kd5  0-1

[Event "Independence Cup A"]
[Site "Kiev UKR"]
[Date "2005.08.20"]
[Round "9"]
[White "Matorin,E"]
[Black "Semenova,L"]
[Result "1-0"]
[WhiteElo "2298"]
[BlackElo "2271"]

1.Nf3 d5 2.c4 c6 3.b3 Bg4 4.Ne5 Bf5 5.d4 Nd7 6.cxd5 Nxe5 7.dxe5 Qxd5 8.Qxd5 cxd5
9.Nc3 e6 10.Nb5 Kd8 11.Be3 a6 12.Bb6+ Kd7 13.Nd4 Bb4+ 14.Kd1 Ne7 15.e3 Rac8
16.Nxf5 exf5 17.f4 Rc6 18.Bd4 Rhc8 19.Bd3 Bc3 20.Bxc3 Rxc3 21.Kd2 R3c7 22.h3 h5
23.g4 Ke6 24.gxh5 Rh8 25.Rag1 Rh7 26.Rg5 f6 27.exf6 gxf6 28.Rgg1 Rxh5 29.h4 Nc6
30.Be2 Rh8 31.Rc1 Rg7 32.Bxa6 Nb4 33.Be2 Nxa2 34.Rc5 Rg2 35.Ke1 Kd6 36.Rxd5+ Kxd5
37.Bf3+ Kc5 38.Bxg2 b5 39.h5 Nc3 40.Kd2 Kb4 41.Kc2 Rg8 42.Bf3 Ne4 43.Bxe4 fxe4
44.h6 f5 45.h7 Rh8 46.Kb2 Ka5 47.Kc3 Rc8+ 48.Kd4 Rh8 49.Ke5 Kb4 50.Kxf5 Kxb3
51.Kg6 b4 52.Kg7 Rxh7+ 53.Rxh7  1-0

[Event "41st Rubinstein Mem Open A"]
[Site "Polanica Zdroj POL"]
[Date "2005.08.21"]
[Round "3"]
[White "Mensch,E"]
[Black "Zawadzki,S"]
[Result "0-1"]
[WhiteElo "2336"]
[BlackElo "2396"]

1.Nf3 d5 2.c4 c6 3.e3 Nf6 4.Qc2 g6 5.b3 Bg7 6.Bb2 O-O 7.Be2 Na6 8.a3 Bf5
9.d3 Rc8 10.O-O Nc5 11.Rd1 a5 12.b4 axb4 13.axb4 Na6 14.Qa4 dxc4 15.dxc4 Qb6
16.Bc3 Ne4 17.Bxg7 Kxg7 18.b5 Nac5 19.Qa3 Ra8 20.Qb2+ f6 21.Rxa8 Rxa8 22.Nc3 Nxc3
23.Qxc3 e5 24.Ra1 Ne4 25.Qb2 Rxa1+ 26.Qxa1 cxb5 27.cxb5 Qc5 28.Qb2 b6 29.h3 Bd7
30.Bf1 Nd6 31.Qd2 Be8 32.g4 h6 33.Ne1 Nxb5 34.Qd8 Kf7 35.Nd3 Qd6 36.Qc8 Bd7
37.Qa8 Bc6 38.Qa2+ Kg7 39.Nb2 Na3 40.Bg2 Bxg2 41.Kxg2 Nb5 42.Qa8 Nc7 43.Qa7 b5
44.Nd3 Qxd3 45.Qxc7+ Kg8 46.Qc8+ Kf7 47.Qc7+ Ke6 48.Qc6+ Ke7 49.Qc5+ Kd7
50.Qa7+ Kc6 51.Qe7 Kd5 52.Qxf6 b4 53.Qf7+ Kc6 54.Qe8+ Kc5 55.Qc8+ Kb5 56.Qe8+ Kc4
57.Qc6+ Kb3 58.Qe6+ Qc4 59.Qxe5 Kc2 60.Qe8 b3 61.Qxg6+ Kc1  0-1

[Event "Ada Open"]
[Site "Belgrade SCG"]
[Date "2005.08.22"]
[Round "8"]
[White "Kosovac,M"]
[Black "Carnic,D"]
[Result "0-1"]
[WhiteElo "2065"]
[BlackElo "2231"]

1.Nf3 d5 2.c4 e6 3.g3 Nf6 4.Bg2 Nbd7 5.d3 c6 6.O-O Bd6 7.b3 O-O 8.Bb2 Qe7
9.Nbd2 e5 10.e4 dxe4 11.dxe4 a5 12.a4 Nc5 13.Qc2 Bg4 14.h3 Bh5 15.Rfe1 Na6
16.Nh4 Bg6 17.Nf5 Bxf5 18.exf5 Rfe8 19.Ne4 Nxe4 20.Rxe4 f6 21.Rd1 Qc7 22.Rh4 Rad8
23.Qe2 Bc5 24.Bc1 Rxd1+ 25.Qxd1 Rd8 26.Qh5 h6 27.Bxh6 Qf7 28.Qe2 gxh6 29.Rxh6 Kf8
30.Bf3 Ke7 31.Bh5 Qg7 32.Rg6 Qf8 33.Qg4 Kd7 34.Rg7+ Kc8 35.Bf7 Qd6 36.Be6+ Kb8
37.Rg8 Ka7 38.Rxd8 Qxd8 39.Qe2 Bd4 40.Qf3 Nc5 41.Kg2 Qd6 42.Bf7 e4 43.Qd1 Qe5
44.Bg6 Nd3 45.Qd2 Bxf2  0-1

[Event "Ada Open"]
[Site "Belgrade SCG"]
[Date "2005.08.23"]
[Round "9"]
[White "Trisic,D"]
[Black "Grbic,M"]
[Result "0-1"]
[WhiteElo "2084"]
[BlackElo "2327"]

1.Nf3 d5 2.c4 c6 3.b3 Nf6 4.g3 Bf5 5.Bg2 Nbd7 6.Ba3 e6 7.Bxf8 Nxf8 8.O-O N8d7
9.d3 O-O 10.Nbd2 e5 11.Qc2 d4 12.Rae1 Re8 13.b4 h6 14.a4 Bh7 15.b5 Nc5 16.Nb3 Nxb3
17.Qxb3 e4 18.dxe4 Nxe4 19.e3 Nc5 20.Qa3 Nd3 21.Re2 dxe3 22.fxe3 cxb5 23.cxb5 Qb6
24.a5 Qxb5 25.Nd4 Qc5 26.Qa2 Ne5 27.Rb2 Bd3 28.Rd1 Bc4 29.Qa1 Ba6 30.Rc1 Qe7
31.Rbc2 Nd3 32.Rf1 Qxe3+ 33.Kh1 Ne1 34.Rcf2 Nxg2 35.Nf5 Qe5 36.Qa2 Bxf1 37.Rxf1 Ne1
38.Nh4 Qe4+ 39.Kg1 Qe3+ 40.Kh1 Qe6  0-1

[Event "2nd Open Fincas Mediterranea"]
[Site "Castelldefels ESP"]
[Date "2005.08.23"]
[Round "7"]
[White "Raineri,P"]
[Black "Megaranto,S"]
[Result "0-1"]
[WhiteElo "2241"]
[BlackElo "2499"]

1.Nf3 d5 2.c4 e6 3.e3 c5 4.d4 cxd4 5.exd4 Nf6 6.Nc3 Bb4 7.Bd3 dxc4 8.Bxc4 O-O
9.O-O Bxc3 10.bxc3 Qc7 11.Qe2 Nbd7 12.Bd2 b6 13.Bd3 Bb7 14.c4 h6 15.Rac1 Rac8
16.Rfd1 Rfd8 17.Nh4 Qd6 18.Be3 Qa3 19.Rc2 Re8 20.Bc1 Qa5 21.Bd2 Qh5 22.Qxh5 Nxh5
23.Be3 Nhf6 24.Rcc1 Red8 25.Nf3 Bxf3 26.gxf3 Nb8 27.Be4 Nc6 28.Kf1 Na5 29.Bd3 Rc7
30.Rc2 Nc6 31.Rcd2 Na5 32.Rc2 Kf8 33.Be2 Nd5 34.Rdc1 Ne7 35.Bd3 Nec6 36.c5 Nxd4
37.Bxd4 Rxd4 38.cxb6 Rxc2 39.Rxc2 axb6 40.Bb5 Rf4 41.Rc8+ Ke7 42.Rb8 Rxf3
43.a4 Rc3 44.Rxb6 Rc7 45.Ra6 Nb3 46.Ra8 f6 47.Kg2 Kd6 48.h4 Ke5 49.h5 Kf4
50.Rd8 e5 51.Rd3 Nd4 52.Be8 Re7 53.Bg6 Ra7 54.Ra3 Ra5 55.Be8 e4 56.Bd7 Ra7
57.Be8 Ra8 58.Bf7 Nc2 59.Ra2 Nb4 60.Ra3 Ra5 61.Be8 Nd3 62.Bb5 Nc5 63.Be8 Nd3
64.Bb5 Kg5 65.Bxd3 exd3 66.Rxd3 Rxa4 67.Rd5+  0-1

[Event "13th Open"]
[Site "Nikaia GRE"]
[Date "2005.08.26"]
[Round "5"]
[White "Syfantos,N"]
[Black "Polizou,H"]
[Result "1-0"]
[WhiteElo "1872"]
[BlackElo "1938"]

1.Nf3 d5 2.c4 c6 3.b3 Bf5 4.Bb2 Nd7 5.d3 Ngf6 6.g3 Qc7 7.cxd5 cxd5 8.Nbd2 Qa5
9.Bg2 e6 10.O-O Bd6 11.e4 Bg4 12.Qe1 Bb4 13.a3 Be7 14.h3 Bh5 15.e5 Ng8 16.Rc1 Nh6
17.g4 Bg6 18.b4 Qb5 19.Nd4 Qa6 20.b5 Qb6 21.Qe3 Qd8 22.N2b3 O-O 23.Rc2 Qb6
24.a4 a5 25.Rfc1 Bd8 26.Ba3 Re8 27.Nc5 Nf8 28.Qd2 f6 29.Nf3 Nf7 30.Bb2 h6
31.Qf4 f5 32.gxf5 Bxf5 33.h4 Ng6 34.Qg3 Nf8 35.Nd7 Nxd7 36.Bd4 Nc5 37.Bxc5 Qc7
38.Bf8 Bg5 39.Rxc7  1-0

[Event "13th Open"]
[Site "Nikaia GRE"]
[Date "2005.08.28"]
[Round "7"]
[White "Khetsuriani,B"]
[Black "Karlovich,A"]
[Result "1/2-1/2"]
[WhiteElo "2382"]
[BlackElo "2258"]

1.Nf3 d5 2.c4 c6 3.g3 Bg4 4.Bg2 e6 5.Qb3 Qb6 6.O-O Nd7 7.d4 Be7 8.Nc3 Ngf6
9.Bf4 O-O 10.Rac1 h6 11.Rfe1 Ne4 12.Nxe4 Qxb3 13.axb3 dxe4 14.Nd2 g5 15.Be3 f5
16.f3 exf3 17.exf3 Bh5 18.Bf2 Bb4 19.Re2 Rfe8 20.Nb1 e5 21.Rec2 exd4 22.Bxd4 Nc5
23.Bxc5 Bxc5+ 24.Kf1 Rad8 25.Re2 Re3 26.Rxe3 Bxe3 27.Re1 f4 28.Nc3 Bg6 29.Rd1 Rxd1+
30.Nxd1 Bc1 31.Bh3 Bc2 32.Ke2 Bxb3 33.c5 b6 34.Bd7 bxc5 35.Bxc6 fxg3 36.hxg3 h5
37.Nf2 Bxb2 38.Ne4 Be5 39.g4 hxg4 40.fxg4 Bd4 41.Nxg5 a5 42.Nf3 Bg7 43.Nd2 Be6
44.Kd3 Bxg4 45.Nb3 Bf5+ 46.Kc4 Be6+ 47.Bd5 Bxd5+ 48.Kxd5 a4 49.Nxc5 a3 50.Kc4 Bf8
51.Nb3 Kf7 52.Kc3 Bg7+ 53.Kc2 Ke6 54.Kb1 Bb2 55.Na1 Kd5 56.Nc2  1/2-1/2

[Event "4th Open"]
[Site "Lahijan IRI"]
[Date "2005.08.30"]
[Round "6"]
[White "Abbasov,F"]
[Black "Nasri,A"]
[Result "1-0"]
[WhiteElo "2451"]
[BlackElo "2212"]

1.Nf3 d5 2.c4 e6 3.d4 c6 4.e3 Nf6 5.Nbd2 Nbd7 6.Bd3 Bd6 7.O-O O-O 8.e4 dxe4
9.Nxe4 Nxe4 10.Bxe4 e5 11.dxe5 Nxe5 12.Nxe5 Bxe5 13.Bxh7+ Kxh7 14.Qh5+ Kg8
15.Qxe5 Re8 16.Qc3 Bf5 17.Be3 Qc7 18.Rad1 Rad8 19.b3 Re7 20.Bf4 Qc8 21.Rfe1 Red7
22.Rxd7 Qxd7 23.h3 Be6 24.Qg3 Qd3 25.Qg5 Rd7 26.Be5 Qh7 27.Kh2 Qh6 28.Qxh6 gxh6
29.Bf4 Kh7 30.Re5 Kg6 31.g4 Rd1 32.Rh5  1-0

[Event "TCh-POL Ekstraliga"]
[Site "Lubniewice POL"]
[Date "2005.09.03"]
[Round "1"]
[White "Wojtaszek,R"]
[Black "Koziak,V"]
[Result "1-0"]
[WhiteElo "2591"]
[BlackElo "2486"]

1.Nf3 d5 2.c4 d4 3.g3 Nc6 4.Bg2 e5 5.d3 Bb4+ 6.Bd2 a5 7.O-O Nf6 8.Bg5 O-O
9.Na3 h6 10.Bxf6 Qxf6 11.Nc2 Rd8 12.a3 Bf8 13.Rb1 a4 14.Nd2 Ra5 15.b4 axb3
16.Rxb3 b6 17.Qb1 Ne7 18.Rb5 Rxb5 19.Qxb5 Bd7 20.Qb3 Bg4 21.Re1 Qg5 22.Nf3 Bxf3
23.Bxf3 Nf5 24.Nb4 Bd6 25.Nc6 Rf8 26.a4 h5 27.Qb2 h4 28.Qc1 Qf6 29.c5 hxg3
30.hxg3 Bxc5 31.a5 g6 32.a6 Kg7 33.Kg2 Ne7 34.Rh1 Ng8 35.a7 Ra8 36.Qc4 Ne7
37.Nxe7 Rxa7 38.Nc6 Ra3 39.Qc1 Bd6 40.Qh6+ Kg8 41.Bd5 Qg7 42.Qg5  1-0

[Event "TCh-POL Ekstraliga"]
[Site "Lubniewice POL"]
[Date "2005.09.03"]
[Round "1"]
[White "Skalski,M"]
[Black "Pakleza,Z"]
[Result "1/2-1/2"]
[WhiteElo "2334"]
[BlackElo "2419"]

1.Nf3 d5 2.c4 d4 3.d3 g6 4.g3 Bg7 5.Bg2 Nf6 6.O-O O-O 7.Na3 Nc6 8.Nc2 a5
9.b3 e5 10.Bb2 Bf5 11.a3 Re8 12.b4 Qd6 13.b5 Nd8 14.a4 c5 15.bxc6 Nxc6 16.Na3 Rad8
17.Nb5 Qd7 18.Qb3 Bf8 19.Rad1 Bh3 20.Bc1 Bxg2 21.Kxg2 h6 22.Ba3 Nb4 23.Kg1 Bc5
24.Bxb4 Bxb4 25.Nd2 h5 26.Ne4 Nxe4 27.dxe4 Rc8 28.Qd3 Qe6 29.Rc1 h4 30.f3 hxg3
31.hxg3 Qh3 32.f4 Kg7 33.Kf2 Qh2+ 34.Kf3 Qh5+ 35.Kg2 exf4 36.Rxf4 Rh8 37.Rh4 Qe5
38.Rxh8 Rxh8 39.Qxd4 Qxd4 40.Nxd4 Rd8 41.Nb3 Kf6 42.Kf3 Ke5 43.c5  1/2-1/2

[Event "FSGM September"]
[Site "Budapest HUN"]
[Date "2005.09.04"]
[Round "2"]
[White "Paschall,W"]
[Black "Pitl,G"]
[Result "1/2-1/2"]
[WhiteElo "2399"]
[BlackElo "2332"]

1.Nf3 d5 2.c4 c6 3.e3 Nf6 4.Qc2 a6 5.b3 g6 6.Bb2 Bg7 7.d3 O-O 8.Nbd2 Re8
9.Rc1 b5 10.cxd5 cxd5 11.Qc7 Bf5 12.Be2 Nbd7 13.O-O Qxc7 14.Rxc7 Rec8 15.Rxc8+ Rxc8
16.Rc1 Rxc1+ 17.Bxc1 e5 18.Bb2 Ne8 19.e4 dxe4 20.dxe4 Bg4 21.Kf1  1/2-1/2

[Event "FSGM September"]
[Site "Budapest HUN"]
[Date "2005.09.06"]
[Round "4"]
[White "Paschall,W"]
[Black "Collins,S IRL"]
[Result "0-1"]
[WhiteElo "2399"]
[BlackElo "2413"]

1.Nf3 d5 2.c4 c6 3.e3 Nf6 4.Qc2 Bg4 5.Ne5 Be6 6.d4 Nbd7 7.Nc3 dxc4 8.Bxc4 Bxc4
9.Nxc4 Nb6 10.Ne5 e6 11.O-O Bd6 12.e4 Bxe5 13.dxe5 Ng4 14.h3 Nxe5 15.Bf4 Qf6
16.Bh2 O-O 17.Rad1 Rfd8 18.b3 h6 19.f4 Ng6 20.Ne2 Rxd1 21.Rxd1 Rd8 22.Rxd8+ Qxd8
23.Bg3 Nd7 24.Bf2 Qa5 25.g4 Nf6 26.Kg2 a6 27.Kf3 Kh7 28.a4 Nd7 29.Qd1 Qc7
30.h4 c5 31.h5 Ne7 32.Bh4 Nc6 33.Be1 e5 34.f5 Nd4+ 35.Nxd4 cxd4 36.Bd2 Qc6
37.g5 hxg5 38.Bxg5 Qc3+  0-1

[Event "TCh-POL Ekstraliga"]
[Site "Lubniewice POL"]
[Date "2005.09.07"]
[Round "5"]
[White "Markowski,T"]
[Black "Grycel,K"]
[Result "1-0"]
[WhiteElo "2564"]
[BlackElo "2282"]

1.Nf3 d5 2.c4 c6 3.e3 Nf6 4.Qc2 Bg4 5.Ne5 Be6 6.b3 Nbd7 7.Bb2 Nxe5 8.Bxe5 g6
9.Be2 Bg7 10.O-O O-O 11.d3 Ne8 12.Bxg7 Nxg7 13.Nd2 Qd7 14.d4 Bf5 15.Qc3 Rfe8
16.Rfc1 Rac8 17.b4 Qd6 18.Nb3 dxc4 19.Bxc4 Be6 20.Na5 Bxc4 21.Qxc4 Qd7 22.a4 Nf5
23.Nb3 Qd5 24.Nc5 Nd6 25.Qc2 b6 26.Nd3 a5 27.h3 Kg7 28.Rab1 h6 29.Qc3 Rc7
30.Nf4 Qf5 31.d5+ Kh7 32.dxc6 axb4 33.Rxb4 Qa5 34.Qb3 Rb8 35.Nd5 Ra7 36.e4  1-0

[Event "zt 2.3"]
[Site "Guayaquil ECU"]
[Date "2005.09.09"]
[Round "7"]
[White "Matamoros Franco,C"]
[Black "Mieles Palau,D"]
[Result "1-0"]
[WhiteElo "2504"]
[BlackElo "2476"]

1.Nf3 d5 2.c4 e6 3.g3 Be7 4.Bg2 Nf6 5.O-O O-O 6.b3 c5 7.Bb2 Nc6 8.e3 b6 9.Qe2 Bb7
10.Rd1 Qc7 11.Nc3 Rad8 12.cxd5 Nxd5 13.Nxd5 Rxd5 14.d4 Rd7 15.dxc5 Bxc5 16.Ng5 Rxd1+
17.Rxd1 Be7 18.Qg4 Bxg5 19.Qxg5 f6 20.Qg4 Qe7 21.Bxc6 Bxc6 22.Ba3 Qxa3 23.Qxe6+ Kh8
24.Qxc6 Qxa2 25.Qd6 Rg8 26.Qe6 h6 27.Rd7 a5 28.Qd5 Re8 29.Kg2 a4 30.bxa4 Qxa4
31.Rb7 Re5 32.Qd8+ Re8 33.Qxb6 Qc4 34.Kg1 Rc8 35.Rb8 Rxb8 36.Qxb8+ Kh7 37.Qf4 Qc6
38.e4 Kg8 39.Qf5 Qc1+ 40.Kg2 Qc2 41.h4 Qe2 42.g4 Qd3 43.g5 fxg5 44.hxg5 Qd8
45.g6 Qa8 46.Kh3 Qa3+ 47.f3 Qa8 48.e5  1-0

[Event "TCh-POL Ekstraliga"]
[Site "Lubniewice POL"]
[Date "2005.09.10"]
[Round "8"]
[White "Pakleza,Z"]
[Black "Adamski,M"]
[Result "1-0"]
[WhiteElo "2419"]
[BlackElo "2287"]

1.Nf3 d5 2.c4 dxc4 3.Na3 Nf6 4.Nxc4 g6 5.b3 Bg7 6.Bb2 O-O 7.g3 Be6 8.Bg2 Qc8
9.Ng5 Bd5 10.e4 Bxc4 11.bxc4 h6 12.Nh3 c5 13.O-O Nc6 14.e5 Nd7 15.f4 Nb6
16.Rc1 Rd8 17.Nf2 Nd4 18.d3 f5 19.exf6 exf6 20.Bxd4 Rxd4 21.f5 Qxf5 22.Bxb7 Rad8
23.Qf3 Qxf3 24.Bxf3 f5 25.Kg2 R4d6 26.Rb1 Bd4 27.Rb5 Re8 28.Nh3 Re5 29.Ra5 g5
30.Bh5 Nc8 31.Rb1 Bc3 32.Ra3 Bb4 33.Rab3 Nb6 34.Ng1 Kg7 35.d4 Rxd4 36.Nf3 Re2+
37.Kf1 Rde4 38.a3 Bd2 39.Rd3 Nxc4 40.Rb7+ Kf6 41.Rd8 Re1+ 42.Nxe1 Rxe1+ 43.Kf2 Ra1
44.Rf7+ Ke6 45.Rxa7 Be3+ 46.Ke2 Ra2+ 47.Kd1 Nd6 48.Re8+ Nxe8 49.Bf7+ Kd6
50.Bxa2 Nc7 51.Rb7 Kc6 52.Rb8 f4 53.Ke2 Bc1 54.a4 fxg3 55.hxg3 h5 56.Bc4 h4
57.gxh4 gxh4 58.a5 Bf4 59.Kf3 Bg3 60.Rb6+ Kd7 61.a6 Na8 62.Rh6 Kc7 63.Bd5 Nb6
64.Rc6+  1-0

[Event "ch-Arab"]
[Site "Dubai UAE"]
[Date "2005.09.12"]
[Round "1"]
[White "Taleb,M"]
[Black "Hussein,NA"]
[Result "1-0"]
[WhiteElo "2508"]
[BlackElo "2339"]

1.Nf3 d5 2.c4 c6 3.g3 Nf6 4.Bg2 Bf5 5.O-O e6 6.b3 Nbd7 7.Bb2 a5 8.Nc3 h6
9.d3 Be7 10.cxd5 cxd5 11.e4 dxe4 12.dxe4 Bh7 13.Qe2 Nc5 14.Rfd1 Qb6 15.e5 Nfd7
16.Ba3 Rd8 17.Rd4 O-O 18.Na4 Qc7 19.Rc1 b6 20.Qe3 Rfe8 21.h3 Qb8 22.Rcd1 Bf8
23.Kh2 Nxa4 24.Bxf8 Rxf8 25.Rxd7 Rxd7 26.Rxd7 Nc5 27.Rd6 Rd8 28.Qd4 Nb7 29.Rd7 Rxd7
30.Qxd7 Nc5 31.Qd4 Be4 32.Nd2 Bxg2 33.Kxg2 Qb7+ 34.f3 Qd7 35.Qxd7 Nxd7 36.f4 f6
37.exf6 gxf6 38.Kf3 Kf7 39.Nc4 f5 40.Ke3 h5 41.Kd4 Kf6 42.Nd2 e5+ 43.Kd5 e4
44.Nc4 Nc5 45.Kd4 a4 46.bxa4 Nxa4 47.Ne3 Ke6 48.Nc4 Kf6 49.a3 Ke6 50.Ne3 Nc5
51.Kc4 h4 52.gxh4 Nd3 53.Ng2 Nf2 54.Kb5 Nd1 55.Kxb6 e3 56.a4 e2 57.a5 Ne3
58.Ne1 Nc4+ 59.Kb5 Kd5 60.h5 Nd6+ 61.Kb4 Nf7 62.h4 Kc6 63.Kc4  1-0

[Event "ch-Arab"]
[Site "Dubai UAE"]
[Date "2005.09.15"]
[Round "4"]
[White "Hakki,I"]
[Black "Mohammad,Sa"]
[Result "1/2-1/2"]
[WhiteElo "2471"]
[BlackElo "2312"]

1.Nf3 d5 2.c4 c6 3.e3 Nf6 4.Nc3 a6 5.b3 e6 6.Qc2 Nbd7 7.d4 Bd6 8.Bd3 O-O
9.O-O dxc4 10.bxc4 e5 11.c5 Bc7 12.Bb2 Re8 13.Rad1 Qe7 14.Bc4 h6 15.Nh4 Nf8
16.Nf5 Bxf5 17.Qxf5 Rad8 18.Bb3 exd4 19.exd4 Qd7 20.Qxd7 N8xd7  1/2-1/2

[Event "ch-Arab"]
[Site "Dubai UAE"]
[Date "2005.09.16"]
[Round "5"]
[White "Al Hadarani,H"]
[Black "Adly,A"]
[Result "0-1"]
[WhiteElo "2320"]
[BlackElo "2503"]

1.Nf3 d5 2.c4 e6 3.g3 Nf6 4.Bg2 dxc4 5.O-O Nbd7 6.Qa4 a6 7.Qxc4 b5 8.Qc2 Bb7
9.a4 b4 10.b3 Be7 11.Bb2 O-O 12.d3 c5 13.e4 Qc7 14.Nbd2 Rad8 15.Nc4 Ne8 16.Rfe1 Bf6
17.e5 Be7 18.Qe2 Nb6 19.Rad1 g6 20.Ncd2 Bd5 21.h4 f5 22.exf6 Bxf6 23.Bxf6 Nxf6
24.Ng5 Rde8 25.Nge4 a5 26.Rc1 Nxe4 27.dxe4 Bb7 28.h5 e5 29.hxg6 hxg6 30.Bh3 Rd8
31.Rc2 Rd4 32.Qg4 Qd6 33.Qg5 c4 34.bxc4 Nxa4 35.c5 Qf6 36.Qxf6 Rxf6 37.Nb3 Rxe4
38.Rd1 Nc3 39.Ra1 Ne2+  0-1

[Event "ch-Arab"]
[Site "Dubai UAE"]
[Date "2005.09.17"]
[Round "6"]
[White "Taleb,M"]
[Black "Najjar,A"]
[Result "1-0"]
[WhiteElo "2508"]
[BlackElo "2339"]

1.Nf3 d5 2.c4 e6 3.g3 Nf6 4.Bg2 Nbd7 5.O-O dxc4 6.Qa4 Be7 7.Qxc4 O-O 8.d4 a6
9.Qc2 c5 10.dxc5 Bxc5 11.Nc3 Qe7 12.a3 Rb8 13.b4 Ba7 14.e4 b5 15.e5 Ne8 16.Bg5 f6
17.exf6 gxf6 18.Bf4 e5 19.Bh6 Rf7 20.Nh4 Nb6 21.Kh1 Bb7 22.f4 Rc8 23.Rac1 Bxg2+
24.Qxg2 Nc4 25.fxe5 Qxe5 26.Bf4 Qh5 27.Nd5 Rd8 28.Rce1 Kf8 29.Nf5 Nxa3 30.g4 Qg6
31.Bh6+ Ng7 32.Nde7 Rxe7 33.Rxe7 Qxh6 34.Nxh6 Kxe7 35.Qe4+  1-0

[Event "EYb18"]
[Site "Herceg Novi SCG"]
[Date "2005.09.20"]
[Round "6"]
[White "Bogosavljevic,B"]
[Black "Erdos,V"]
[Result "0-1"]
[WhiteElo "2302"]
[BlackElo "2499"]

1.Nf3 d5 2.c4 c6 3.g3 Nf6 4.Bg2 dxc4 5.Qc2 b5 6.b3 cxb3 7.axb3 e6 8.O-O Bb7
9.d4 Nbd7 10.Rd1 Qb6 11.Nc3 c5 12.Be3 Rc8 13.Ne5 Bxg2 14.Nxd7 Nxd7 15.Kxg2 Nf6
16.f3 Be7 17.d5 O-O 18.d6 Bxd6 19.Ne4 Nd5 20.Bf2 Be7 21.Rac1 Rc7 22.Nxc5 Bxc5
23.Qxc5 Rxc5 24.Rxc5 Qb7 25.e4 Nb4 26.Rd4 a5 27.Rd6 h6 28.Rc3 Rc8 29.Rb6 Qd7
30.Rxc8+ Qxc8 31.Rxb5 Nd3  0-1

[Event "EYb16"]
[Site "Herceg Novi SCG"]
[Date "2005.09.21"]
[Round "7"]
[White "Margvelashvili,G"]
[Black "Matsenko,S"]
[Result "1-0"]
[WhiteElo "2353"]
[BlackElo "2257"]

1.Nf3 d5 2.c4 c6 3.g3 Nf6 4.Bg2 Bf5 5.cxd5 cxd5 6.Qb3 Qb6 7.Qxb6 axb6 8.Nc3 e6
9.d3 Nc6 10.Nb5 Bb4+ 11.Bd2 Ke7 12.Nfd4 Bxd2+ 13.Kxd2 Bg6 14.f4 Rhc8 15.a3 Ra4
16.e3 Ng4 17.Raf1 f5 18.h3 Nf6 19.Bf3 Bf7 20.g4 g6 21.Rc1 Raa8 22.Be2 Ne8
23.gxf5 gxf5 24.Rhg1 h6 25.Rc3 Nxd4 26.Nxd4 Rxc3 27.Kxc3 Rc8+ 28.Kd2 Nd6
29.Nf3 Rg8 30.Rxg8 Bxg8 31.Kc3 Bf7 32.Nd4 Be8 33.Kb4 Kf6 34.Bd1 e5 35.fxe5+ Kxe5
36.Nf3+ Kf6 37.Bb3 Bc6 38.Nd4 Ke5 39.Ne2 Nf7 40.Bc2 Ng5 41.d4+ Kf6 42.Nf4 Ne6
43.a4 Nc7 44.h4 Bd7 45.Bd3 Bc6 46.a5 bxa5+ 47.Kxa5 Ke7 48.Bxf5 Kd6 49.Nd3 Na8
50.Ne5 Be8 51.Ng4 h5 52.Ne5 Kc7 53.Nd3 Nb6 54.b3  1-0

[Event "2nd Highlands Open A"]
[Site "Havlickuv Brod CZE"]
[Date "2005.09.28"]
[Round "5"]
[White "Freisler,P"]
[Black "Jirka,J"]
[Result "0-1"]
[WhiteElo "2308"]
[BlackElo "2391"]

1.Nf3 d5 2.c4 d4 3.e3 c5 4.exd4 cxd4 5.d3 Nc6 6.g3 Nf6 7.Bg2 g6 8.b4 Nxb4
9.Qa4+ Nc6 10.Ne5 Bd7 11.Nxc6 bxc6 12.Bxc6 Bg7 13.O-O O-O 14.Re1 Bxc6 15.Qxc6 Qa5
16.Nd2 Qc3 17.Rb1 Qxd3 18.Rb3 Qc2 19.Nf3 Rac8 20.Qb7 Rxc4 21.Qxe7 Ng4 22.Rb2 Qf5
23.Nh4 Qd5 24.Bf4 d3 25.Rb7 d2 26.Rd1 Re4 27.Rxd2 Rxe7 28.Rxe7 Qc5 29.Red7 Re8
30.Nf3 Qc6 31.Rd8 h6 32.h3 Rxd8 33.Rxd8+ Kh7 34.hxg4 Qxf3 35.Rd7 a5 36.Rxf7 g5  0-1

[Event "FSGM October"]
[Site "Budapest HUN"]
[Date "2005.10.01"]
[Round "1"]
[White "Paschall,W"]
[Black "Murariu,A"]
[Result "1-0"]
[WhiteElo "2394"]
[BlackElo "2441"]

1.Nf3 d5 2.c4 c6 3.e3 Nf6 4.Qc2 e6 5.b3 Nbd7 6.Bb2 Bd6 7.Nc3 O-O 8.Be2 a6
9.d4 b5 10.O-O Bb7 11.c5 Bc7 12.b4 e5 13.dxe5 Nxe5 14.Nxe5 Bxe5 15.Bf3 Nd7
16.Ne2 Qh4 17.Bxe5 Nxe5 18.Nd4 Bc8 19.Be2 Bd7 20.a4 Qe7 21.Ra2 Rae8 22.axb5 axb5
23.Ra7 f5 24.f4 Ng6 25.Qc3 Qd8 26.Nxc6 Qc8 27.Bxb5 Rf7 28.Rxd7 Rxd7 29.Nd4 Rde7
30.Bxe8  1-0

[Event "Open A"]
[Site "Hamburg GER"]
[Date "2005.10.01"]
[Round "1"]
[White "Wendt,J"]
[Black "Fuchs,Jo"]
[Result "1-0"]
[WhiteElo "2331"]
[BlackElo "1943"]

1.Nf3 d5 2.c4 Nf6 3.cxd5 Nxd5 4.d4 c6 5.e4 Nb6 6.h3 g6 7.Nc3 Bg7 8.Be3 h6
9.Qd2 Be6 10.b3 N8d7 11.Be2 Nf6 12.O-O g5 13.Ne5 Nbd7 14.Nd3 Qc8 15.f4 Nf8
16.Rac1 Bxh3 17.e5 N6h7 18.gxh3 Qxh3 19.Bf3 Rg8 20.Qg2 Qd7 21.Nc5 Qc7 22.Nb5 cxb5
23.Na6 Qd7 24.Nc7+ Kd8 25.Nxa8 gxf4 26.Bxb7 Bxe5 27.Qxg8 Qxb7 28.dxe5 fxe3
29.Qxf7 e2 30.Rcd1+ exd1=Q 31.Rxd1+ Kc8 32.Qe8+  1-0

[Event "FSIMB October"]
[Site "Budapest HUN"]
[Date "2005.10.02"]
[Round "2"]
[White "Brustkern,J"]
[Black "Lengyel,B"]
[Result "1/2-1/2"]
[WhiteElo "2236"]
[BlackElo "2276"]

1.Nf3 d5 2.c4 d4 3.c5 f6 4.Qa4+ Nc6 5.b4 e5 6.e3 dxe3 7.fxe3 a5 8.a3 Be6
9.b5 Nce7 10.Bc4 Bxc4 11.Qxc4 Qd5 12.Qxd5 Nxd5 13.d4 e4 14.Ng1 g6 15.Ne2 f5
16.g3 Bh6 17.Nf4 Bxf4 18.gxf4 Ngf6 19.Ra2 a4 20.Rb2 Kd7 21.Nd2 Nxe3 22.Ke2 Nfd5  1/2-1/2